| 000 | 01723cam a22004337a 4500 | ||
|---|---|---|---|
| 001 | 000093013 | ||
| 003 | CHAP | ||
| 005 | 20250116182129.0 | ||
| 008 | 050131d2004 mx abd r 00110 spa d | ||
| 010 | _a89479 | ||
| 011 | _a90451 | ||
| 035 | _a101007 | ||
| 040 | _cCHAP | ||
| 090 | _aTesis | ||
| 100 | 0 | 0 |
_aKu Can, Jorge Luis. _964009 |
| 245 | 1 | 0 |
_aEstudio de factibilidad para la producción de pie de cría y venta de instrumental para el desarrollo apícola del estado de Campeche / _c/por Jorge Luis Ku Can. |
| 260 |
_aChapingo, Méx. : _bEl autor, _c2004. |
||
| 300 |
_a140 h. : _bilus. ; gráfs. ; mapas ; cuadros ; diagramas ; anexos. |
||
| 502 | _aTesis (Lic. en Administración de Empresas Agropecuarias) -- UACH. División de Ciencias Económico Administrativas | ||
| 590 |
_aALEPH _b10 _c20130110 _lUCH01 _h1504 |
||
| 590 |
_aBATCH-UPD _b10 _c20130109 _lUCH01 _h2322 |
||
| 590 |
_aBATCH-UPD _b10 _c20130110 _lUCH01 _h0758 |
||
| 590 |
_aBATCH-UPD _b10 _c20130410 _lUCH01 _h0437 |
||
| 590 |
_aBATCH-UPD _b10 _c20140324 _lUCH01 _h1449 |
||
| 590 |
_aBATCH-UPD _b10 _c20141002 _lUCH01 _h0825 |
||
| 590 |
_aCONVERSION _b10 _c20130109 _lUCH01 _h1350 |
||
| 590 |
_aE12093SGE _b10 _c20130620 _lUCH01 _h0956 |
||
| 650 | 1 | 4 |
_aApicultura _xAspectos economicos. _96246 |
| 650 | 1 | 7 |
_aApicultura _zMéxico _zCampeche _2 _96250 |
| 650 | 1 | 4 |
_aApicultura _xEquipo. _96259 |
| 650 | 1 | 4 |
_aEstudios de factibilidad. _938520 |
| 856 |
_3Finding aid _uhttp://10.13.5.2/tesis/101007.pdf _zTeclea aquí |
||
| 901 | _aBK | ||
| 905 | _aMarco A. Mendoza T. | ||
| 942 | _cCD | ||
| 942 | _n0 | ||
| 949 |
_aTesis _bBC _cTES _d1010071 _eTS1 _gDonaciØn _h43517 _i101007 _sb |
||
| 949 |
_aTesis _bBC _cTES _d33724000943627 _eTS2 _fc.2 _gDonaciØn _h43518 _i101007 _si |
||
| 999 |
_c89479 _d89479 |
||